• 首页
  • 本馆介绍
  • 公告通知
  • 最新文献
  • 馆藏检索
  • 电子资源
  • 读者导购
  • 参考咨询
  • 我的图书馆
  • 登录
  • 详细信息显示
  • 放入我的书架
  • 预约/预借图书
  • 作者相关作品
  • 分类相关作品
  • 丛书相关作品
  • 出版社相关作品

书目信息

  • 表格格式
  • 工作单格式
  • 卡片格式
题名:
中国哲学史资料选辑
    
 
作者: ;中国社会科学院哲学研究所中国哲学史研究室 编
分册: 下   近代之部
出版信息: 北京   中华书局  1959
页数: 367-765页
开本: 21cm
丛书名:
单 册:
中图分类: B25
科图分类:
主题词: 近代哲学--中国
电子资源:
ISBN:
000 00747nam0 2200217 45
001 0309151470
005 20050525110924.8
010    @dCNY2.75
091    @a2018.20
100    @a20030915e19591982km y0chiy0120 ea
101 0  @achi
105    @a z 000yy
200 1  @a中国哲学史资料选辑@AZhong Guo Zhe Xue Shi Zi Liao Xuan Ji@i近代之部@h下@f中国社会科学院哲学研究所中国哲学史研究室编@FZhong Guo She Hui Ke Xue Yuan Zhe Xue Yan Jiu Suo Zhong Guo Zhe Xue Shi Yan Jiu Shi Bian
210    @a北京@c中华书局@d1959
215    @a367-765页@d21cm
517    @a近代之部@AJin Dai Zhi Bu
606 0  @a近代哲学@x中国
690    @aB25@v3
711 02 @a中国社会科学院哲学研究所中国哲学史研究室@4编
801    @aCN@bTSTC@c20030917
905    @dB25@e13:2@f1@b97269
    
    中国哲学史资料选辑.近代之部.下/中国社会科学院哲学研究所中国哲学史研究室编.-北京:中华书局,1959
    367-765页;21cm
    
    
    ISBN :CNY2.75
    
●
相关链接 在E读中查询图书 在五车中查询图书 在当当中查询图书 在豆瓣中查询图书


正题名:中国哲学史资料选辑     索取号:B25/13:2         预约/预借

序号 登录号 条形码 馆藏地/架位号 状态 备注
1 0097268   000524089   密集书库/ [索取号:B25/13:2] 在馆    
2 0097269   000512225   第一样本阅览室/ [索取号:B25/13:2] 在馆    
3 0175752   001995014   密集书库/ [索取号:B25/13:2] 在馆    
4 0176568   000512216   密集书库/ [索取号:B25/13:2] 在馆    
5 0176569   000524070   密集书库/ [索取号:B25/13:2] 在馆    
6 0176570   000523302   密集书库/ [索取号:B25/13:2] 在馆    
7 0177497   000512181   第一借阅区/ [索取号:B25/13:2] 在馆    
唐山师范学院图书馆 欢迎您!
大连网信软件有限公司© 版权所有